| 000 | 00489nam a2200169 a 4500 | ||
|---|---|---|---|
| 005 | 20140412111301.0 | ||
| 008 | 001110s19uu xx 00 eng d | ||
| 020 | _a0-689-504997-7 | ||
| 050 |
_aER _bTo55 1990 |
||
| 100 | _aSage, James | ||
| 245 |
_aTo sleep / _cJames Sage ; illustrated by Warwick Hutton. |
||
| 260 |
_aNew York : _bMargaret K. McElderry Books, _c1990. |
||
| 300 | _a1 v. (unp.) ; ill. | ||
| 650 | _aBedtime -- Fiction | ||
| 650 | _aSleep -- Fiction | ||
| 999 |
_c103417 _d103417 |
||